Países Sequenciais Aleatórios no Mapa do Mundo - Statistics

Estatísticas Gerais
  • Esse quiz foi jogado 21 632 vezes
    19 183 desde o último reset
  • A pontuação média é 66 de 196
Respostas no mapa
Respostas codificadas por cores de uma escala verde-vermelha no mapa do quiz de acordo com a % correta abaixo.
 
Estatísticas das Respostas
País % Correto
Canadá
38%
Estados Unidos
38%
Rússia
38%
África do Sul
37%
Argentina
37%
Austrália
37%
Bolívia
37%
Brasil
37%
Chile
37%
China
37%
Colômbia
37%
Dinamarca
37%
Egito
37%
Finlândia
37%
França
37%
Índia
37%
Indonésia
37%
Itália
37%
Japão
37%
México
37%
Noruega
37%
Nova Zelândia
37%
Paraguai
37%
Peru
37%
Portugal
37%
Reino Unido
37%
Suécia
37%
Uruguai
37%
Alemanha
36%
Arábia Saudita
36%
Argélia
36%
Cazaquistão
36%
Cuba
36%
Equador
36%
Espanha
36%
Guiana
36%
Islândia
36%
Madagáscar
36%
Marrocos
36%
Mongólia
36%
Panamá
36%
Papua Nova Guiné
36%
Somália
36%
Suriname
36%
Turquia
36%
Ucrânia
36%
Venezuela
36%
Angola
35%
Bahamas
35%
Bélgica
35%
Bielorrússia
35%
Coreia do Norte
35%
Coreia do Sul
35%
Estônia
35%
Filipinas
35%
Grécia
35%
Irão
35%
Irlanda
35%
Letónia
35%
Líbia
35%
Nicarágua
35%
Países Baixos
35%
Polônia
35%
República Democrática do Congo
35%
Sri Lanka
35%
Sudão
35%
Tailândia
35%
Taiwan
35%
Tunísia
35%
Vaticano
35%
Vietname
35%
Andorra
34%
Áustria
34%
Birmânia
34%
Cabo Verde
34%
Chade
34%
Costa Rica
34%
Croácia
34%
El Salvador
34%
Emirados Árabes Unidos
34%
Etiópia
34%
Guatemala
34%
Haiti
34%
Honduras
34%
Iémen
34%
Iraque
34%
Israel
34%
Laos
34%
Lesoto
34%
Lituânia
34%
Malásia
34%
Mali
34%
Moçambique
34%
Mônaco
34%
Namíbia
34%
Nepal
34%
Níger
34%
Omã
34%
Paquistão
34%
Romênia
34%
San Marino
34%
Síria
34%
Suíça
34%
Uzbequistão
34%
Afeganistão
33%
Azerbaijão
33%
Bangladesh
33%
Belize
33%
Bósnia e Herzegovina
33%
Botswana
33%
Butão
33%
Camboja
33%
Catar
33%
Chipre
33%
Eritreia
33%
Eslováquia
33%
Essuatíni
33%
Estados Federados da Micronésia
33%
Geórgia
33%
Hungria
33%
Jamaica
33%
Jordânia
33%
Kiribati
33%
Kosovo
33%
Liechtenstein
33%
Luxemburgo
33%
Maldivas
33%
Malta
33%
Mauritânia
33%
Moldávia
33%
Nigéria
33%
Quirguistão
33%
República Centro-Africana
33%
República Checa
33%
República Dominicana
33%
Senegal
33%
Sérvia
33%
Seychelles
33%
Singapura
33%
Sudão do Sul
33%
Tanzânia
33%
Togo
33%
Trinidad e Tobago
33%
Turquemenistão
33%
Zâmbia
33%
Zimbábue
33%
Albânia
32%
Armênia
32%
Bahrein
32%
Brunei
32%
Bulgária
32%
Comores
32%
Costa do Marfim
32%
Djibouti
32%
Eslovénia
32%
Fiji
32%
Gana
32%
Guiné-Bissau
32%
Ilhas Salomão
32%
Kuweit
32%
Líbano
32%
Macedónia do Norte
32%
Malawi
32%
Maurícia
32%
Montenegro
32%
Quênia
32%
Ruanda
32%
São Tomé e Príncipe
32%
Tajiquistão
32%
Timor-Leste
32%
Tuvalu
32%
Uganda
32%
Benim
31%
Burkina Faso
31%
Burundi
31%
Camarões
31%
Gabão
31%
Gâmbia
31%
Guiné
31%
Guiné Equatorial
31%
Ilhas Marshall
31%
Nauru
31%
Palau
31%
República do Congo
31%
Samoa
31%
Santa Lúcia
31%
Serra Leoa
31%
Tonga
31%
Vanuatu
31%
Antígua e Barbuda
30%
Dominica
30%
Granada
30%
Libéria
30%
São Vicente e Granadinas
30%
Barbados
29%
São Cristóvão e Nevis
29%
Nenhum quiz correspondente encontrado
Distribuição das Pontuações
Porcentagem de Pessoas com Cada Pontuação
Percentil de Números Respondidos
Sua Pontuação Histórica
Você não jogou esse quiz desde o último reset